| 000 | 00438nam a2200169Ia 4500 | ||
|---|---|---|---|
| 100 | _aPrutchi/David/ Norris/M | ||
| 650 | _aMedical instrumentation | ||
| 942 | _cRB | ||
| 366 | _f25 | ||
| 654 | _amedical electronic instrumentation | ||
| 245 | _aDesign and development of Medical electronic instrumentation | ||
| 260 |
_bWiley Interscience _c2005 |
||
| 082 |
_a610.28 _bPRU |
||
| 300 | _a461 | ||
| 546 |
_aENGLISH _cTTL |
||
| 999 |
_c25608 _d25608 |
||